000 00733cam a2200277 4500
001 J3516
008 090401t1995 xxu||||| |||| 00| 0 eng d
035 _a(Sirsi) u55556
041 _aeng
050 _a614.836
110 _aElectricity Association
_91668
245 _aElectric and magnetic fields : the facts.
260 _aLondon
_bElectricity Association
_c1995
300 _a5p. ; 30cm.
350 _a0
490 _aEMF Briefing
650 _aCANCER
650 _aELECTRIC AND MAGNETIC FIELDS
650 _aELECTROMAGNETIC FIELDS
650 _aHEALTH AND SAFETY
_96244
650 _aHEALTH RISK
650 _aPOWER LINES
690 _aENVIRONMENTAL AND LAND CONSULTANCY
942 _n0
948 _c04/03/1997
999 _c93626
_d93626